书目信息 |
| 题名: |
排球教学与训练
|
|
| 作者: | 牛佩林 编著 | |
| 分册: | ||
| 出版信息: | 北京 北京体育大学出版社 2003 |
|
| 页数: | 270页 | |
| 开本: | 20cm | |
| 丛书名: | ||
| 单 册: | ||
| 中图分类: | G842.2 | |
| 科图分类: | ||
| 主题词: | 排球运动--运动训练法 , 排球运动 , 运动训练法 | |
| 电子资源: | ||
| ISBN: | 7-81051-957-3 | |
| 000 | 00769nam0 2200241 450 | |
| 001 | 002369465 | |
| 005 | 20061112081755.93 | |
| 010 | @a7-81051-957-3@dCNY16.00 | |
| 100 | @a20030605d2003 em y0chiy0110 ea | |
| 101 | 0 | @achi |
| 102 | @aCN@b110000 | |
| 105 | @aa z 000yy | |
| 200 | 1 | @a排球教学与训练@9pai qiu jiao xue yu xun lian@f牛佩林编著 |
| 210 | @a北京@c北京体育大学出版社@d2003 | |
| 215 | @a270页@c图@d20cm | |
| 330 | @a本书内容分为小学,初中和高中三个阶段,讲解了运动员的选材,教学训练的任务、内容和方法,身体素质的培养,以及技术与战术的介绍等。 | |
| 606 | 0 | @a排球运动@x运动训练法 |
| 606 | 0 | @a排球运动 |
| 606 | 0 | @a运动训练法 |
| 690 | @aG842.2@v4 | |
| 701 | 0 | @a牛佩林@9niu pei lin@4编著 |
| 801 | 0 | @aCN@bNLC@c20061112 |
| 905 | @a10447@dG842.2@e250 | |
| 排球教学与训练/牛佩林编著.-北京:北京体育大学出版社,2003 |
| 270页:图;20cm |
| ISBN 7-81051-957-3:CNY16.00 |
| 本书内容分为小学,初中和高中三个阶段,讲解了运动员的选材,教学训练的任务、内容和方法,身体素质的培养,以及技术与战术的介绍等。 |
| ● |
| 相关链接 |
|
|
|
|
正题名:排球教学与训练
索取号:G842.2/250
 
预约/预借
| 序号 | 登录号 | 条形码 | 馆藏地/架位号 | 状态 | 备注 |
| 1 | 0383384 | 203833842 | 第一样本阅览室/ [索取号:G842.2/250] | 在馆 | |
| 2 | 0383385 | 203833851 | 第四借阅区/ [索取号:G842.2/250] | 在馆 | |
| 3 | 0383386 | 203833860 | 第四借阅区/ [索取号:G842.2/250] | 在馆 | |
| 4 | 0383387 | 203833879 | 第四借阅区/ [索取号:G842.2/250] | 在馆 | |
| 5 | 0383388 | 203833888 | 第四借阅区/ [索取号:G842.2/250] | 在馆 |